000 01081nam a22002897a 4500
001 BR8003937
003 BR-BrBNA
005 20230928090637.0
007 ta
008 230509b bl.||||| |||| 00| 0 por d
040 _aBR-BrBNA
_bpor
_cBiblioteca Nacional de Agricultura
041 _a(Por)
072 _aK20; F40
_b3103
_b/G514
090 _ 3103 BR8003937
100 1 _aLonghi, S.J.
110 1 _aUniversidade Federal do Parana, Curitiba (Brasil). Setor de Ciencias Agrarias
_0Tese (Mestrado)
245 1 _aA estrutura de uma floresta natural de Araucaria angustifolia (Bert.)O. Ktze, no sul do Brasil [Pinheiro-do-Parana]
260 3 _aCuritiba, PR (Brasil):
_c1980.
300 _a198 p.
500 _a38 illus.; 46 tables; Bibliography p. 164-168 (61 ref.); Summaries (Eng, Por). (*) Documento disponível na(o) UFPR, Curitiba, PR (Brazil). Biblioteca Central
650 _aADMINISTRACAO FLORESTAL
650 _aRECONHECIMENTO FLORESTAL
650 _aECOLOGIA FLORESTAL
650 _aPINHEIRO-DO-PARANA
909 _a202309
_bLucia
_c55
_dLucia Elande
942 _cBK
999 _c29797
_d29797